000
00257nam a2200109Ia 4500
008
220623s9999 xx 000 0 und d
020
_a
9780798138215
082
_a
AF LERO
100
_a
Le Roux Christne
_9
142283
245
0
_a
Bewys van liefde
942
_c
BK
_w
561
_x
John Tresidder
_y
561
_z
John Tresidder
999
_c
675099
_d
675098